书目信息 |
| 题名: |
首届全国旅游暨文化创意产业 ( 多语种 ) 翻译研究会论文集
|
|
| 作者: | 修月祯 , 王颖 , 吕和发 主编 | |
| 分册: | ||
| 出版信息: | 北京 知识产权出版社 2008.10 |
|
| 页数: | 459页 | |
| 开本: | 28cm | |
| 丛书名: | ||
| 单 册: | ||
| 中图分类: | H059-53 | |
| 科图分类: | ||
| 主题词: | 翻译 | |
| 电子资源: | ||
| ISBN: | 7-80247-264-4 | |
| 000 | 00769nam0 2200217 450 | |
| 001 | 1755667869 | |
| 005 | 20171215152959.48 | |
| 010 | @a7-80247-264-4@dCNY68.00 | |
| 100 | @a20171215d2008 km y0chiy0120 ea | |
| 101 | 0 | @achi |
| 102 | @aCN@b110000 | |
| 200 | 1 | @a首届全国旅游暨文化创意产业 ( 多语种 ) 翻译研究会论文集@Ashou jie quan guo lu you ji wen hua chuang yi chan ye(duo yu zhong)fan yi yan jiu hui lun wen ji@f修月祯, 王颖, 吕和发主编@Fxiu yue zhen,wang ying,lu he fa zhu bian |
| 210 | @a北京@c知识产权出版社@d2008.10 | |
| 215 | @a459页@d28cm | |
| 606 | 0 | @a翻译 |
| 690 | @aH059-53@v4 | |
| 701 | 0 | @a修月祯@Axiu yue zhen@4主编 |
| 701 | 0 | @a王颖@Awang ying@4主编 |
| 701 | 0 | @a吕和发@Alu he fa@4主编 |
| 801 | 0 | @aCN@bMUSE@c20171215 |
| 905 | @aMUSE@dH059-53@eX658 | |
| 首届全国旅游暨文化创意产业 ( 多语种 ) 翻译研究会论文集/修月祯, 王颖, 吕和发主编.-北京:知识产权出版社,2008.10 |
| 459页;28cm |
| ISBN 7-80247-264-4:CNY68.00 |
| ● |
| 相关链接 |
|
|
|
正题名:首届全国旅游暨文化创意产业 ( 多语种 ) 翻
索取号:H059-53/X658
 
预约/预借
| 序号 | 登录号 | 条形码 | 馆藏地/架位号 | 状态 | 备注 |
| 1 | 1237443 | 212374438 | 计算机与数据科学学院资料室/ [索取号:H059-53/X658] | 在馆 |